La responsabilidad colectiva /

שמור ב:
מידע ביבליוגרפי
מחבר ראשי: M. C.
פורמט: לא ידוע
שפה:Spanish
נושאים:
תגים: הוספת תג
אין תגיות, היה/י הראשונ/ה לתייג את הרשומה!

MARC

LEADER 000000000a22000000004500
001 009765
041 0 |a spa 
100 1 |a M. C. 
245 1 3 |a La responsabilidad colectiva /   |c M. C. 
310 |a mensual 
650 4 |a VENA, FABIAN 
773 0 |d Buenos Aires, Argentina : Complejo Teatral de Buenos Aires  |t Teatro: La Revista del Complejo Teatral de Buenos Aires  |g volumen 26, número 82 (2005), páginas 31 
942 |c ARC 
999 |c 17072  |d 17072